Statistics for Danske byer der ender i "-borg"

Click here to take the quiz!

General Stats

  • This quiz has been taken 210 times
  • The average score is 8 of 16

Answer Stats

Answer% Correct
Sønderborg
73%
Aalborg
72%
Nyborg
71%
Viborg
71%
Svendborg
70%
Silkeborg
66%
Vordingborg
60%
Kalundborg
59%
Skanderborg
57%
Faaborg
53%
Fredensborg
36%
Nordborg
27%
Augustenborg
23%
Tjæreborg
14%
Ravnsborg
10%
Ulfborg
9%

Score Distribution

Percentile by Number Answered

Percent of People with Each Score

Your Score History

You have not taken this quiz